|
|
|
|
| LEADER |
00000cam a2200000 a 4500 |
| 001 |
vtls010065411 |
| 003 |
SK-MaSNL |
| 005 |
20260301083527.0 |
| 008 |
240318s2009 xo oable p 000 0 slo |
| 015 |
|
|
|a SNBA2010/06-03186
|
| 020 |
|
|
|a 9788080911584
|q (brož.)
|
| 035 |
|
|
|a D784CB06-191C-4194-81A9-18CFC66425FD
|
| 035 |
|
|
|a urn:nbn:sk:snk-amk9xa
|
| 035 |
|
|
|a urn:nbn:sk:snk-am008bm9
|
| 040 |
|
|
|a SNK
|b slo
|c SNK
|e AACR2
|
| 041 |
0 |
|
|a slo
|
| 044 |
|
|
|a xo
|c SK
|
| 072 |
|
7 |
|a 656.1/.5
|x Pozemná doprava
|2 konspekt
|
| 072 |
|
7 |
|a 37.016
|x Učebné osnovy. Vyučovacie predmety. Učebnice
|2 konspekt
|
| 080 |
|
|
|a 656.1
|2 2001
|
| 080 |
|
|
|a (075.3)
|2 2001
|
| 100 |
1 |
|
|a Sedláčková, Eva
|4 aut
|9 301137
|
| 245 |
1 |
0 |
|a Cestná doprava 1-2
|c [autor: Eva Sedláčková]
|
| 250 |
|
|
|a 2. upr. vyd.
|
| 260 |
|
|
|a Bratislava
|b Expol pedagogika
|c 2009
|
| 300 |
|
|
|a 199 s.
|b fareb. fotogr., ilustr., mp., tab.
|c 30 cm
|
| 504 |
|
|
|a Bibliogr. s. 194-195
|
| 650 |
0 |
7 |
|a cestná doprava
|2 SNKPH
|9 1776
|
| 650 |
0 |
7 |
|a Road transport
|2 SNKPHeng
|9 275532
|
| 655 |
|
7 |
|a učebnice stredných škôl
|2 SNKPH
|9 69323
|
| 655 |
|
7 |
|a Textbooks (secondary)
|2 SNKPHeng
|9 276359
|
| 852 |
|
|
|a Štátna vedecká knižnica v Banskej Bystrici
|
| 919 |
|
|
|a 978-80-8091-158-4
|
| 958 |
|
|
|a OND
|
| 958 |
|
|
|a NB
|
| 968 |
|
|
|d 65
|
| 999 |
|
|
|c 660749
|d 662679
|
| 952 |
|
|
|a SNK
|b SNK
|y PREZ
|7 0
|p 17A0659580
|o snkSB 79530
|i snk2010/10630
|8 0
|0 0
|1 0
|4 0
|d 2010-05-21
|f 1
|l 0
|r 2025-04-30 00:00:00
|w 2026-02-23
|
| 952 |
|
|
|a SNK
|b SNK
|y VYP
|7 0
|p 17A0659581
|o snkSB 79530 D1
|i snk2010/10631
|8 0
|0 0
|1 0
|4 0
|d 2010-05-21
|l 1
|m 1
|r 2026-05-04 14:44:00
|s 2026-02-28
|w 2026-02-23
|